LEADER 01163nam 22004093 450 001 9910502593903321 005 20211214151259.0 010 $a3-030-74236-9 035 $a(CKB)5140000000014233 035 $a(MiAaPQ)EBC6784150 035 $a(Au-PeEL)EBL6784150 035 $a(OCoLC)1281977652 035 $a(EXLCZ)995140000000014233 100 $a20211214d2021 uy 0 101 0 $aeng 135 $aurcnu|||||||| 181 $ctxt$2rdacontent 182 $cc$2rdamedia 183 $acr$2rdacarrier 200 12$aA Modern Course in Aeroelasticity 205 $a6th ed. 210 1$aCham :$cSpringer International Publishing AG,$d2021. 210 4$dİ2022. 215 $a1 online resource (828 pages) 225 1 $aSolid Mechanics and Its Applications Ser. ;$vv.264 311 $a3-030-74235-0 410 0$aSolid Mechanics and Its Applications Ser. 608 $aElectronic books. 676 $a629.132/362 700 $aDowell$b Earl H$03899 801 0$bMiAaPQ 801 1$bMiAaPQ 801 2$bMiAaPQ 906 $aBOOK 912 $a9910502593903321 996 $aModern Course in Aeroelasticity$91412554 997 $aUNINA LEADER 00844nas 2200301-a 450 001 9910895312103321 005 20260218111812.0 035 $a(OCoLC)182518532 035 $a(CKB)1000000000428072 035 $a(CONSER)--2007211108 035 $a(DE-599)ZDB2253944-X 035 $a(DE-599)2253944-X 035 $a(EXLCZ)991000000000428072 100 $a20071126a19919999 --- - 101 0 $aeng 200 10$aAnnual report 210 $aWarszawa $cInstitute of Nuclear Chemistry and Technology 311 08$a1425-204X 606 $aTechnology$zPoland$vPeriodicals 606 $aNuclear chemistry$vPeriodicals 606 $aTechnology$vPeriodicals 615 0$aTechnology 615 0$aNuclear chemistry 615 0$aTechnology 906 $aJOURNAL 912 $a9910895312103321 996 $aAnnual report$9162222 997 $aUNINA